Rostro oculto de la mujer en la maquila /
Trata de las condiciones laborales de los obreros de la industria de ensamblaje, conocida como maquila, de la explotación de que son objeto y de la falta de protección legal contra los abusos que les cometen. SM/eb
Shranjeno v:
| Glavni avtor: | |
|---|---|
| Format: | Texto |
| Teme: | |
| Oznake: |
Označite
Brez oznak, prvi označite!
|
MARC
| LEADER | 00000 a a2200000 04500 | ||
|---|---|---|---|
| 001 | 1709 | ||
| 003 | |||
| 040 | |||
| 100 | |a Soley, Rosa María | ||
| 245 | |a Rostro oculto de la mujer en la maquila / |c Rosa María Soley | ||
| 520 | |a Trata de las condiciones laborales de los obreros de la industria de ensamblaje, conocida como maquila, de la explotación de que son objeto y de la falta de protección legal contra los abusos que les cometen. SM/eb | ||
| 650 | |a MUJERES | ||
| 650 | |a MERCADO DE TRABAJO | ||
| 650 | |a CONDICIONES DE TRABAJO | ||
| 650 | |a CONDICIONES DE VIDA | ||
| 650 | |a INDUSTRIA DE ENSAMBLAJE | ||
| 650 | |a TRABAJADORAS | ||
| 773 | |g número 41; páginas 16-17 | ||
| 999 | |c 22803 |d 22803 | ||
